Normal view
MARC view
- المراسم الدبلوماسية -- الدبلوماسية
Entry Topical Term
001 - CONTROL NUMBER
- control field: 28847
003 - CONTROL NUMBER IDENTIFIER
- control field: JO-AjAnu
005 - DATE AND TIME OF LATEST TRANSACTION
- control field: 20230606074902.0
008 - FIXED-LENGTH DATA ELEMENTS
- fixed length control field: 230606|| aca||aabn | a|a d
040 ## - CATALOGING SOURCE
- Original cataloging agency: JO-AjAnu
- Transcribing agency: JO-AjAnu
150 ## - HEADING--TOPICAL TERM
- Topical term or geographic name entry element: المراسم الدبلوماسية -- الدبلوماسية
670 ## - SOURCE DATA FOUND
- Source citation: Work cat.: (JO-AjAnu)14808: حسن ، كامل سرمك , author 28846, إدارة المراسم